000 00392nam a2200169Ia 4500
008 170705s9999 xx 000 0 und d
020 _a9780439727969
245 _aStraight to the pole /
245 _cKevin O'Malley.
260 _aNew York :
260 _bScholastic,
260 _c2003
300 _aunpaged :
300 _bcolor illustration ;
300 _c18cm.
500 _aBR
999 _c335265
_d335265